000 00664nam a2200217Ia 4500
005 20221213114829.0
008 131103s9999 xx 000 0 und d
020 _a8126902949
_cRs. 550
040 _aLoreto College
041 _aEnglish
082 _a823(I)
_bAGR
100 _aAgrawal, B. R.
245 _aMajor trends in the post-independence Indian English fiction
_cB. R. Agrawal and M. P. Sinha
260 _aNew Delhi
_bAtlantic
_c2003
300 _avi,278 p.
504 _aIncludes bibliographical references
650 _aIndic Fiction(English) - 20th Century - History and Criticism
700 _aSinha, M. P.
850 _aLCLIB
942 _cBK
999 _c6127
_d56606